| 000 | 00000nam##2200000za#4500 |
| 001 | 9.581393 |
| 003 | CaOODSP |
| 005 | 20210624191508 |
| 007 | cr ||||||||||| |
| 008 | 150406|2014||||xxc|||||o f|0| 0 eng|d |
| 040 | |aCaOODSP|beng |
| 043 | |an-cn--- |
| 086 | 1 |aRv55-5/10-14-50-2014E-PDF |
| 110 | 2 |aCanada Border Services Agency. |
| 245 | 10|aTariff classification of goods eligible for the benefits of tariff item 9927.00.00 |h[electronic resource] |
| 260 | |aOttawa - Ontario : |bCanada Border Services Agency |
| 300 | |a2p. |
| 490 | 1 |aCustoms D memoranda. D10, Tariff classification/commodities |vD10-14-50, October 31, 2014 |
| 500 | |aSuperseded Memorandum D : D10-14-50 dated August 20, 2007 |
| 590 | |a15-03|b2015-01-16 |
| 775 | 08|tClassement tarifaire de produits pouvant bénéficier du numéro tarifaire 9927.00.00 |w(CaOODSP)9.608223 |
| 830 | #0|aCustoms D memoranda. D10, Tariff classification/commodities ;|vD10-14-50, October 31, 2014|w(CaOODSP)9.816825 |
| 856 | 40|ahttp://publications.gc.ca|qPDF|s46 KB|uhttps://publications.gc.ca/collections/collection_2015/asfc-cbsa/Rv55-5-10-14-50-2014-eng.pdf|yD10-14-50, October 31, 2014 |